000 00353nam a22001451a 4500
999 _c37722
_d37722
020 _a9788174888778
082 _a907.2
_bSAT/R
100 _aSatish K Bajaj
245 _aRecent trends in historiography/
_cby Satish K Bajaj
260 _aNew Delhi:
_bAnmol,
_c2001.
300 _a164p.
650 _aHistoriography
650 _aHistory
942 _cBK